000 00893nam a2200217 a 4500
001 39315
003 BD-RjUL
005 20211209052950.0
008 161211s1985 bg ||||| |||| 00| 0 ben d
035 _a(BD-RjUL)39428
040 _aBD-RjUL
_bben
_cBD-RjUL
_dBD-RjUL
041 _aben
082 _223
_a323.088635492
_bUMB 1985
100 _aউমর, বদরুদ্দীন
_9121190
245 _aবাঙলাদেশের কৃষক ও কৃষক আন্দোলন /
_cবদরুদ্দীন উমর
260 _aঢাকা :
_bপ্রগতি প্রকাশন,
_c১৯৮৫
300 _a২১৮ পৃ. ;
_c২১ সেমি.
650 _aনাগরিক ও রাজনৈতিক অধিকার
_vকৃষক
_zবাংলাদেশ
_9171485
650 _aCivil and Political Rights
_vFarmers
_zBangladesh
_9171486
942 _2ddc
_cBK
999 _c39315
_d39315